000 00395nam a2200157Ia 4500
008 230917s9999||||xx |||||||||||||| ||und||
040 _e215134
_aMAIN
041 _aEnglish
082 _a512.5 B221L(2)
100 _aBanchoff, Thomas
245 0 _aLinear algebra through geometry
250 _a2nd. ed.
260 _aNew Delhi
_bSpringer India
_c2011
300 _axii, 305 p.
942 _cBK
999 _c166313
_d166313